| 000 | 00760nam a22002297a 4500 | ||
|---|---|---|---|
| 005 | 20250521162839.0 | ||
| 008 | 250521b |||||||| |||| 00| 0 eng d | ||
| 020 | _a978-0-7556-3541-2 (pbk) | ||
| 037 | _cTB | ||
| 040 |
_aCRL _cCRL |
||
| 041 |
_2eng _aeng |
||
| 084 |
_aV2:51.N R2 _qCRL |
||
| 100 |
_aAbbas, Amber H. _9809270 |
||
| 245 |
_aPartitions first generation: _bSpace, place and identity in Muslim South Aisa |
||
| 260 |
_aLondon, UK: _bI. B. Tauris, _c2022. |
||
| 300 | _axviii, 231p. | ||
| 365 |
_b28.99 _cUKP |
||
| 650 |
_aHistory - India _9809271 |
||
| 650 |
_aFreedom _9809272 |
||
| 942 |
_2CC _cTB _hV2:51.N R2 _n0 |
||
| 999 |
_c1428979 _d1428979 |
||